000 00351nam a2200157Ia 4500
100 _aCochrane/John
650 _aAutomobiles
942 _cBK
654 _asimulation
245 _aSimulation techniques on the commodare64
260 _bSunshine Books
_aLondon
_c1984
082 _a1.642
_bCOC
300 _a165
546 _aENGLISH
999 _c26127
_d26127